| 000 | 00442nam a2200157Ia 4500 | ||
|---|---|---|---|
| 008 | 160316s1999 xxu||||| |||| 00| 0 eng d | ||
| 082 |
_a346.013400 _bSIV-2 |
||
| 100 | _aSivaramayya B | ||
| 245 | _aMatrimonial property law in India | ||
| 250 | _a | ||
| 260 |
_aDelhi _bOxford University Press _c1999 |
||
| 300 |
_a132p _b _cxiii |
||
| 365 | _b Rs.295 | ||
| 650 | _a1. Family Law - Property - Women 2. Womens Right - Property | ||
| 700 |
_a _a |
||
| 999 |
_c14673 _d14673 |
||